000 00744nam a22001937a 4500
003 OSt
005 20250822082648.0
008 250822b |||||||| |||| 00| 0 eng d
020 _a9710868233
040 _cOC
082 _aFil. 641.0139 M266g 2008
100 _aMANABAT, RUDOLF VINCENT
245 _a Gastronomy & i :
_bimmerse yourself in the superb fruits of a young chef's overwhelming passion for good food /
_cMANABAT, RUDOLF VINCENT
260 _aMandaluyong, City, Phils. :
_bNational Book Store,
_cc2008.
300 _axii, 164 pages :
_bcolor illustrations ;
_c 23 cm.
504 _aIncludes index.
650 _2Gastronomy. 2. Philippine--Gastronomy. I. Manabat, Dianne Faye T. II. Title.
942 _2ddc
_cBK - FIL
_kFil.
_n0
999 _c4210
_d4210